000 00707nam a2200229Ia 4500
003 OSt
005 20220918110732.0
006 a|||||r|||| 00| 0
007 ta
008 220915b |||||||| |||| 00| 0 hin d
024 _a92,458
037 _cReference Collections
040 _aARTS
_cARTS
_bhin
041 _2hin
_ahin
082 _aMY.1'N9, 152M6(RR)
100 _aभल्ला, अजय, ले.
_99295
245 0 _aओलिम्पिक
246 _aOlimpika
260 _aदिल्ली
_bकिताबघर भारत
_c1986
942 _hMY.1'N9, 152M6(RR)
_cREF
999 _c114363
_d114363